Plagas forestales : zoofitófagos que atacan a las principales especies forestales naturales y cultivadas en la república argentina /

Guardado en:
Autor Principal: Brugnoni, Héctor C.
Formato: Libro
Publicado: Buenos Aires : Hemisferio Sur, 1980
Materias:
Etiquetas: Agregar Etiqueta
Sin Etiquetas, Sea el primero en etiquetar este registro!
LEADER 01001nam a22001935a 4500
001 CEM.cems017516
005 20110505150926.0
008 130507s1980##################000#0#####d
003 CEMS
082 0 4 |a 632.6 
100 1 |a Brugnoni, Héctor C. 
245 1 0 |a Plagas forestales :  |b zoofitófagos que atacan a las principales especies forestales naturales y cultivadas en la república argentina /  |c Héctor C. Brugnoni 
260 |a Buenos Aires :  |b Hemisferio Sur,  |c 1980 
300 |a 216 p. 
505 0 |a Tipo Nemata -- Clase acaromorpha -- Entomología forestal -- Clase Insecta: Orden Hemíptera -- Orden Homóptera -- Orden Thysanóptera -- Orden Lepidóptera -- Orden Coleóptera -- Insectos Xilófagos -- Orden Hymenóptera -- Tipo Chordata -- Lista de Zoofitófagos que atacan a los forestales -- Indice alfabético de plagas -- Indice de plantas y sus plagas 
653 |a Plagas 
653 |a Plagas forestales 
653 |a Insectos plaga 
859 |a CEMS  |b BIB. CEMS - Agricultura  |h 632.6  |i B833  |p A1284.10  |t Ej.1